000 00667nam a2200241Ia 4500
003 OSt
005 20220926010348.0
006 a|||||r|||| 00| 0
007 ta
008 220923b |||||||| |||| 00| 0 eng d
020 _a0852263457
037 _cGeneral Book
040 _aRTL
_cRTL
_beng
041 _2eng
_aeng
082 _aXjN08, M2
100 _aGupta D B Ed.
_9312131
245 0 _aDevelopment planning and policy
_b Essays in honor o
260 _a New Delhi
_bWiley
_c1982
300 _aviii;318p
_ccm.
500 _aBibliography chapterwise
942 _hXjN08, M2
_cGB
_2CC
999 _c617058
_d617058